L'ombra Della Luna

-д хадгалсан:
Номзүйн дэлгэрэнгүй
Үндсэн зохиолч: M.M.Kaye
Формат: Ном
Хэл сонгох:Тодорхойгүй
Хэвлэсэн: Edizione Club Del Libro
Шошгууд: Шошго нэмэх
Шошго байхгүй, Энэхүү баримтыг шошголох эхний хүн болох!

MARC

LEADER 00000nam a2200000Ia 4500
001 R-749
003 CODICE-MESSINA
005 20260212102457.0
008 260211s9999 xx 000 0 und d
040 |c importazione_messina 
100 |a M.M.Kaye 
245 0 |a L'ombra Della Luna 
260 |b Edizione Club Del Libro 
942 |2 ddc  |c BK 
952 |0 0  |1 0  |2 ddc  |4 0  |6 SCAFFALE_7_000000000000000__ROMANZI  |7 0  |9 31576  |a ME  |b ME  |d 2026-02-11  |l 0  |o SCAFFALE 7 - ROMANZI  |p R-749  |r 2026-02-11 23:52:38  |w 2026-02-11  |x [REVISIONARE]  |y BK 
999 |c 27241  |d 27241